Netradičné médiá a ich využitie v komunikačnom mixe kultúrnych inštitúcií na Slovensku
Aktuálne otázky marketingu kultúry ako jednej z kľúčových sfér záujmu aplikovanej kulturológie. Nové typy marketingovej komunikácie, ktoré sú zmapované teoretikmi až po ich otestovaní marketérmi v praxi. Pozitíva a negatíva netradičných médií ako výrazného trendu v oblasti marketingu kultúry. Spôsob...
Saved in:
| Main Author: | |
|---|---|
| Format: | Book Chapter |
| Language: | Slovak |
| Subjects: | |
| Tags: |
No Tags, Be the first to tag this record!
|
MARC
| LEADER | 00000nla a2200000 4500 | ||
|---|---|---|---|
| 001 | 0212315 | ||
| 005 | 20240417075104.7 | ||
| 041 | 0 | |a slo | |
| 041 | 0 | |a slo | |
| 044 | |a SK | ||
| 245 | 1 | 0 | |a Netradičné médiá a ich využitie v komunikačnom mixe kultúrnych inštitúcií na Slovensku |c Markéta Plichtová |
| 520 | |a Aktuálne otázky marketingu kultúry ako jednej z kľúčových sfér záujmu aplikovanej kulturológie. Nové typy marketingovej komunikácie, ktoré sú zmapované teoretikmi až po ich otestovaní marketérmi v praxi. Pozitíva a negatíva netradičných médií ako výrazného trendu v oblasti marketingu kultúry. Spôsoby využitia rôznych foriem netradičných médií v komunikačnom mixe kultúrnych inštitúcií na Slovensku. | ||
| 610 | 2 | 0 | |a marketing |
| 610 | 2 | 0 | |a marketing mix |
| 610 | 2 | 0 | |a komunikácia marketingová |
| 610 | 2 | 0 | |a komunikácia masmediálna |
| 610 | 2 | 0 | |a inštitúcie verejnoprávne |
| 610 | 2 | 0 | |a médiá |
| 610 | 2 | 0 | |a kultúra |
| 610 | 2 | 0 | |a Slovensko |
| 100 | 1 | |a Plichtová, Markéta | |